Ciudad de siete puertos : sonetos /

Guardado en:
Autor Principal: Lejarraga, Berta G. de
Formato: Libro
Publicado: Bahía Blanca : Fundación Banco del Sud, 1985
Materias:
Etiquetas: Agregar Etiqueta
Sin Etiquetas, Sea el primero en etiquetar este registro!
LEADER 00619nam a22002055a 4500
001 CEM.cems003808
005 20110506211927.0
008 130507s1985##################000#0#####d
003 CEMS
082 0 4 |a A861.4 
100 1 |a Lejarraga, Berta G. de 
245 1 0 |a Ciudad de siete puertos :  |b sonetos /  |c Berta G. de Lejarraga 
260 |a Bahía Blanca :  |b Fundación Banco del Sud,  |c 1985 
300 |a 50 p. 
653 |a Literatura 
653 |a Literatura argentina 
653 |a Poesía argentina-siglo 20 
653 |a Poesías 
653 |a Autores bahienses 
859 |a CEMS  |b BIB. CEMS - 11 de abril  |h A861.4  |i L537  |p 14306.86  |t Ej.1